{"text_format":"3","workbook":"xlsx","n_sheets":17,"sheets":["部门财务收支预算总表01-1","部门收入预算表01-2","部门支出预算表01-3","部门财政拨款收支预算总表02-1","一般公共预算支出预算表02-2","一般公共预算“三公”经费支出预算表03","部门基本支出预算表04","部门项目支出预算表05-1","部门项目支出绩效目标表05-2","部门政府性基金预算表06","部门政府采购预算表07","部门政府购买服务预算表08","省对下转移支付预算表09-1","省对下转移支付绩效目标表09-2","新增资产配置表10","中央转移支付补助项目支出预算表11","部门项目支出中期规划预算表12"],"read":"whole","date_system":"1900"}

{"sheet":"部门财务收支预算总表01-1","index":0,"n_rows":21,"n_cols":4,"rows_kept":21,"merged":[[1,0,1,3],[2,0,2,1],[3,0,3,1],[3,2,3,3],[4,0,5,0],[4,1,5,1],[4,2,5,2],[4,3,5,3]]}
[{"$nulls":3},"预算01-1表"]
["2026年部门财务收支预算总表"]
[{"$f":"\"单位名称：\"&\"云南省种子管理站\"","v":"单位名称：云南省种子管理站"},null,null,"单位:元"]
["收        入",null,"支        出"]
["项      目","预算数","项目（按功能分类）","预算数"]
[]
["一、一般公共预算拨款收入",{"v":22599742.23,"d":"22,599,742.23"},{"$f":"\"一\"&\"、\"&\"社会保障和就业支出\"","v":"一、社会保障和就业支出"},{"v":727395.25,"d":"727,395.25"}]
["二、政府性基金预算拨款收入",null,{"$f":"\"二\"&\"、\"&\"卫生健康支出\"","v":"二、卫生健康支出"},{"v":1290705.29,"d":"1,290,705.29"}]
["三、国有资本经营预算拨款收入",null,{"$f":"\"三\"&\"、\"&\"农林水支出\"","v":"三、农林水支出"},{"v":20805781.84,"d":"20,805,781.84"}]
["四、财政专户管理资金收入",null,{"$f":"\"四\"&\"、\"&\"住房保障支出\"","v":"四、住房保障支出"},{"v":464904.85,"d":"464,904.85"}]
["五、单位资金",{"v":206090,"d":"206,090.00"}]
["1、事业收入"]
["2、事业单位经营收入"]
["3、上级补助收入",{"v":206000,"d":"206,000.00"}]
["4、附属单位上缴收入"]
["5、其他收入",{"v":90,"d":"90.00"}]
["本年收入合计",{"v":22805832.23,"d":"22,805,832.23"},"本年支出合计",{"v":23288787.23,"d":"23,288,787.23"}]
["上年结转结余",{"v":670179.8,"d":"670,179.80"},"年终结转结余",{"v":187224.8,"d":"187,224.80"}]
["1、财政拨款结转结余",{"v":214245,"d":"214,245.00"},"1、财政拨款结转结余"]
["2、非财政拨款结余",{"v":455934.8,"d":"455,934.80"},"2、非财政拨款结余",{"v":187224.8,"d":"187,224.80"}]
["收  入  总  计",{"v":23476012.03,"d":"23,476,012.03"},"支 出 总 计",{"v":23476012.03,"d":"23,476,012.03"}]

{"sheet":"部门收入预算表01-2","index":1,"n_rows":9,"n_cols":19,"rows_kept":9,"merged":[[0,17,0,18],[1,0,1,18],[2,0,2,3],[2,17,2,18],[3,0,5,0],[3,1,5,1],[3,2,5,2],[3,3,3,13],[3,14,3,18],[4,3,5,3],[4,4,5,4],[4,5,5,5],[4,6,5,6],[4,7,5,7],[4,8,4,13],[4,14,5,14],[4,15,5,15],[4,16,5,16],[4,17,5,17],[4,18,5,18]]}
[{"$nulls":17},"预算01-2表"]
["2026年部门收入预算表"]
[{"$f":"\"单位名称：\"&\"云南省种子管理站\"","v":"单位名称：云南省种子管理站"},{"$nulls":16},"单位:元","单位:元"]
["部门（单位）代码","部门（单位）名称","合计","本年收入",{"$nulls":10},"上年结转结余"]
[{"$nulls":3},"小计","一般公共预算","政府性基金预算","国有资本经营预算","财政专户管理资金","单位资金收入",null,"事业单位经营收入","上级补助收入","附属单位上缴收入","其他收入","小计","一般公共预算","政府性基金预算","国有资本经营预算","非财政拨款结余"]
[{"$nulls":8},"小计","事业收入","事业单位经营收入","上级补助收入","附属单位上缴收入","其他收入"]
[1,2,3,4,5,6,7,8,9,10,11,12,13,14,15,16,17,18,19]
["125008","云南省种子管理站",{"v":23476012.03,"d":"23,476,012.03"},{"v":22805832.23,"d":"22,805,832.23"},{"v":22599742.23,"d":"22,599,742.23"},{"$nulls":3},{"v":206090,"d":"206,090.00"},null,null,{"v":206000,"d":"206,000.00"},null,{"v":90,"d":"90.00"},{"v":670179.8,"d":"670,179.80"},{"v":214245,"d":"214,245.00"},null,null,{"v":455934.8,"d":"455,934.80"}]
["合计",null,{"v":23476012.03,"d":"23,476,012.03"},{"v":22805832.23,"d":"22,805,832.23"},{"v":22599742.23,"d":"22,599,742.23"},{"$nulls":3},{"v":206090,"d":"206,090.00"},null,null,{"v":206000,"d":"206,000.00"},null,{"v":90,"d":"90.00"},{"v":670179.8,"d":"670,179.80"},{"v":214245,"d":"214,245.00"},null,null,{"v":455934.8,"d":"455,934.80"}]

{"sheet":"部门支出预算表01-3","index":2,"n_rows":25,"n_cols":15,"rows_kept":25,"merged":[[1,0,1,14],[2,0,2,11],[3,0,4,0],[3,1,4,1],[3,2,4,2],[3,3,3,5],[3,6,4,6],[3,7,4,7],[3,8,4,8],[3,9,3,14],[24,0,24,1]]}
[{"$nulls":14},"预算01-3表"]
["2026年部门支出预算表"]
[{"$f":"\"单位名称：\"&\"云南省种子管理站\"","v":"单位名称：云南省种子管理站"},{"$nulls":13},"单位:元"]
["科目编码","科目名称","合计","一般公共预算",null,null,"政府性基金预算","国有资本经营预算","财政专户管理的支出","单位资金","事业支出","事业单位\n经营支出","上级补助支出","附属单位补助支出","其他支出"]
[{"$nulls":3},"小计","基本支出","项目支出",{"$nulls":3},"小计","事业支出","事业单位\n经营支出","上级补助支出","附属单位补助支出","其他支出"]
[1,2,3,4,5,6,7,8,9,10,11,12,13,14,15]
["208","社会保障和就业支出",{"v":727395.25,"d":"727,395.25"},{"v":727395.25,"d":"727,395.25"},{"v":727395.25,"d":"727,395.25"}]
["20805","行政事业单位养老支出",{"v":695717.5,"d":"695,717.50"},{"v":695717.5,"d":"695,717.50"},{"v":695717.5,"d":"695,717.50"}]
["2080502","事业单位离退休",{"v":43290,"d":"43,290.00"},{"v":43290,"d":"43,290.00"},{"v":43290,"d":"43,290.00"}]
["2080505","机关事业单位基本养老保险缴费支出",{"v":652427.5,"d":"652,427.50"},{"v":652427.5,"d":"652,427.50"},{"v":652427.5,"d":"652,427.50"}]
["20899","其他社会保障和就业支出",{"v":31677.75,"d":"31,677.75"},{"v":31677.75,"d":"31,677.75"},{"v":31677.75,"d":"31,677.75"}]
["2089999","其他社会保障和就业支出",{"v":31677.75,"d":"31,677.75"},{"v":31677.75,"d":"31,677.75"},{"v":31677.75,"d":"31,677.75"}]
["210","卫生健康支出",{"v":1290705.29,"d":"1,290,705.29"},{"v":1290705.29,"d":"1,290,705.29"},{"v":1290705.29,"d":"1,290,705.29"}]
["21011","行政事业单位医疗",{"v":1290705.29,"d":"1,290,705.29"},{"v":1290705.29,"d":"1,290,705.29"},{"v":1290705.29,"d":"1,290,705.29"}]
["2101102","事业单位医疗",{"v":644227.19,"d":"644,227.19"},{"v":644227.19,"d":"644,227.19"},{"v":644227.19,"d":"644,227.19"}]
["2101103","公务员医疗补助",{"v":603071.1,"d":"603,071.10"},{"v":603071.1,"d":"603,071.10"},{"v":603071.1,"d":"603,071.10"}]
["2101199","其他行政事业单位医疗支出",{"v":43407,"d":"43,407.00"},{"v":43407,"d":"43,407.00"},{"v":43407,"d":"43,407.00"}]
["213","农林水支出",{"v":20805781.84,"d":"20,805,781.84"},{"v":20330981.84,"d":"20,330,981.84"},{"v":5054336.84,"d":"5,054,336.84"},{"v":15276645,"d":"15,276,645.00"},{"$nulls":3},{"v":474800,"d":"474,800.00"},null,null,{"v":474800,"d":"474,800.00"}]
["21301","农业农村",{"v":20805781.84,"d":"20,805,781.84"},{"v":20330981.84,"d":"20,330,981.84"},{"v":5054336.84,"d":"5,054,336.84"},{"v":15276645,"d":"15,276,645.00"},{"$nulls":3},{"v":474800,"d":"474,800.00"},null,null,{"v":474800,"d":"474,800.00"}]
["2130104","事业运行",{"v":5054336.84,"d":"5,054,336.84"},{"v":5054336.84,"d":"5,054,336.84"},{"v":5054336.84,"d":"5,054,336.84"}]
["2130106","科技转化与推广服务",{"v":15751445,"d":"15,751,445.00"},{"v":15276645,"d":"15,276,645.00"},null,{"v":15276645,"d":"15,276,645.00"},{"$nulls":3},{"v":474800,"d":"474,800.00"},null,null,{"v":474800,"d":"474,800.00"}]
["221","住房保障支出",{"v":464904.85,"d":"464,904.85"},{"v":464904.85,"d":"464,904.85"},{"v":464904.85,"d":"464,904.85"}]
["22102","住房改革支出",{"v":464904.85,"d":"464,904.85"},{"v":464904.85,"d":"464,904.85"},{"v":464904.85,"d":"464,904.85"}]
["2210201","住房公积金",{"v":464904.85,"d":"464,904.85"},{"v":464904.85,"d":"464,904.85"},{"v":464904.85,"d":"464,904.85"}]
["合  计","合  计",{"v":23288787.23,"d":"23,288,787.23"},{"v":22813987.23,"d":"22,813,987.23"},{"v":7537342.23,"d":"7,537,342.23"},{"v":15276645,"d":"15,276,645.00"},{"$nulls":3},{"v":474800,"d":"474,800.00"},null,null,{"v":474800,"d":"474,800.00"}]

{"sheet":"部门财政拨款收支预算总表02-1","index":3,"n_rows":16,"n_cols":4,"rows_kept":16,"merged":[[1,0,1,3],[2,0,2,1],[3,0,3,1],[3,2,3,3],[4,0,5,0],[4,1,5,1],[4,2,5,2],[4,3,5,3]]}
[{"$nulls":3},"预算02-1表"]
["2026年财政拨款收支预算总表"]
[{"$f":"\"单位名称：\"&\"云南省种子管理站\"","v":"单位名称：云南省种子管理站"},null,null,"单位:元"]
["收        入",null,"支        出"]
["项      目","预算数","支出功能分类科目","预算数"]
[]
["一、本年收入",{"v":22599742.23,"d":"22,599,742.23"},"一、本年支出",{"v":22813987.23,"d":"22,813,987.23"}]
["（一）一般公共预算拨款",{"v":22599742.23,"d":"22,599,742.23"},{"$f":"\"（一）\"&\"社会保障和就业支出\"","v":"（一）社会保障和就业支出"},{"v":727395.25,"d":"727,395.25"}]
["（二）政府性基金预算拨款",null,{"$f":"\"（二）\"&\"卫生健康支出\"","v":"（二）卫生健康支出"},{"v":1290705.29,"d":"1,290,705.29"}]
["（三）国有资本经营预算拨款",null,{"$f":"\"（三）\"&\"农林水支出\"","v":"（三）农林水支出"},{"v":20330981.84,"d":"20,330,981.84"}]
["二、上年结转",{"v":214245,"d":"214,245.00"},{"$f":"\"（四）\"&\"住房保障支出\"","v":"（四）住房保障支出"},{"v":464904.85,"d":"464,904.85"}]
["（一）一般公共预算拨款",{"v":214245,"d":"214,245.00"}]
["（二）政府性基金预算拨款"]
["（三）国有资本经营预算拨款"]
[null,null,"二、年终结转结余"]
["收 入 总 计",{"v":22813987.23,"d":"22,813,987.23"},"支 出 总 计",{"v":22813987.23,"d":"22,813,987.23"}]

{"sheet":"一般公共预算支出预算表02-2","index":4,"n_rows":25,"n_cols":7,"rows_kept":25,"merged":[[1,0,1,6],[2,0,2,4],[3,0,3,1],[3,2,4,2],[3,3,3,5],[3,6,4,6],[24,0,24,1]]}
[{"$nulls":6},"预算02-2表"]
["2026年一般公共预算支出预算表（按功能科目分类）"]
[{"$f":"\"单位名称：\"&\"云南省种子管理站\"","v":"单位名称：云南省种子管理站"},{"$nulls":5},"单位:元"]
["部门预算支出功能分类科目",null,"合计","基本支出",null,null,"项目支出"]
["科目编码","科目名称",null,"小计","人员经费","公用经费"]
["1","2","3",null,"4","5","6"]
["208","社会保障和就业支出",{"v":727395.25,"d":"727,395.25"},{"v":727395.25,"d":"727,395.25"},{"v":684105.25,"d":"684,105.25"},{"v":43290,"d":"43,290.00"}]
["20805","行政事业单位养老支出",{"v":695717.5,"d":"695,717.50"},{"v":695717.5,"d":"695,717.50"},{"v":652427.5,"d":"652,427.50"},{"v":43290,"d":"43,290.00"}]
["2080502","事业单位离退休",{"v":43290,"d":"43,290.00"},{"v":43290,"d":"43,290.00"},null,{"v":43290,"d":"43,290.00"}]
["2080505","机关事业单位基本养老保险缴费支出",{"v":652427.5,"d":"652,427.50"},{"v":652427.5,"d":"652,427.50"},{"v":652427.5,"d":"652,427.50"}]
["20899","其他社会保障和就业支出",{"v":31677.75,"d":"31,677.75"},{"v":31677.75,"d":"31,677.75"},{"v":31677.75,"d":"31,677.75"}]
["2089999","其他社会保障和就业支出",{"v":31677.75,"d":"31,677.75"},{"v":31677.75,"d":"31,677.75"},{"v":31677.75,"d":"31,677.75"}]
["210","卫生健康支出",{"v":1290705.29,"d":"1,290,705.29"},{"v":1290705.29,"d":"1,290,705.29"},{"v":1290705.29,"d":"1,290,705.29"}]
["21011","行政事业单位医疗",{"v":1290705.29,"d":"1,290,705.29"},{"v":1290705.29,"d":"1,290,705.29"},{"v":1290705.29,"d":"1,290,705.29"}]
["2101102","事业单位医疗",{"v":644227.19,"d":"644,227.19"},{"v":644227.19,"d":"644,227.19"},{"v":644227.19,"d":"644,227.19"}]
["2101103","公务员医疗补助",{"v":603071.1,"d":"603,071.10"},{"v":603071.1,"d":"603,071.10"},{"v":603071.1,"d":"603,071.10"}]
["2101199","其他行政事业单位医疗支出",{"v":43407,"d":"43,407.00"},{"v":43407,"d":"43,407.00"},{"v":43407,"d":"43,407.00"}]
["213","农林水支出",{"v":20116736.84,"d":"20,116,736.84"},{"v":5054336.84,"d":"5,054,336.84"},{"v":4529781,"d":"4,529,781.00"},{"v":524555.84,"d":"524,555.84"},{"v":15062400,"d":"15,062,400.00"}]
["21301","农业农村",{"v":20116736.84,"d":"20,116,736.84"},{"v":5054336.84,"d":"5,054,336.84"},{"v":4529781,"d":"4,529,781.00"},{"v":524555.84,"d":"524,555.84"},{"v":15062400,"d":"15,062,400.00"}]
["2130104","事业运行",{"v":5054336.84,"d":"5,054,336.84"},{"v":5054336.84,"d":"5,054,336.84"},{"v":4529781,"d":"4,529,781.00"},{"v":524555.84,"d":"524,555.84"}]
["2130106","科技转化与推广服务",{"v":15062400,"d":"15,062,400.00"},{"$nulls":3},{"v":15062400,"d":"15,062,400.00"}]
["221","住房保障支出",{"v":464904.85,"d":"464,904.85"},{"v":464904.85,"d":"464,904.85"},{"v":464904.85,"d":"464,904.85"}]
["22102","住房改革支出",{"v":464904.85,"d":"464,904.85"},{"v":464904.85,"d":"464,904.85"},{"v":464904.85,"d":"464,904.85"}]
["2210201","住房公积金",{"v":464904.85,"d":"464,904.85"},{"v":464904.85,"d":"464,904.85"},{"v":464904.85,"d":"464,904.85"}]
["合  计","合  计",{"v":22599742.23,"d":"22,599,742.23"},{"v":7537342.23,"d":"7,537,342.23"},{"v":6969496.39,"d":"6,969,496.39"},{"v":567845.84,"d":"567,845.84"},{"v":15062400,"d":"15,062,400.00"}]

{"sheet":"一般公共预算“三公”经费支出预算表03","index":5,"n_rows":7,"n_cols":6,"rows_kept":7,"merged":[[1,0,1,5],[2,0,2,3],[3,0,4,0],[3,1,4,1],[3,2,3,4],[3,5,4,5]]}
[{"$nulls":5},"预算03表"]
["2026年一般公共预算“三公”经费支出预算表"]
[{"$f":"\"单位名称：\"&\"云南省种子管理站\"","v":"单位名称：云南省种子管理站"},{"$nulls":4},"单位：元"]
["“三公”经费合计","因公出国（境）费","公务用车购置及运行费",null,null,"公务接待费"]
[null,null,"小计","公务用车购置费","公务用车运行费"]
[1,2,3,4,5,6]
[{"v":117408.43,"d":"117,408.43"},null,{"v":114408.43,"d":"114,408.43"},null,{"v":114408.43,"d":"114,408.43"},{"v":3000,"d":"3,000.00"}]

{"sheet":"部门基本支出预算表04","index":6,"n_rows":37,"n_cols":23,"rows_kept":37,"merged":[[1,0,1,22],[2,0,2,6],[3,0,6,0],[3,1,6,1],[3,2,6,2],[3,3,6,3],[3,4,6,4],[3,5,6,5],[3,6,6,6],[3,7,3,22],[4,7,6,7],[4,8,4,12],[4,13,4,15],[4,16,6,16],[4,17,4,22],[5,8,6,8],[5,9,6,9],[5,10,6,10],[5,11,6,11],[5,12,6,12],[5,13,6,13],[5,14,6,14],[5,15,6,15],[5,17,6,17],[5,18,6,18],[5,19,6,19],[5,20,6,20],[5,21,6,21],[5,22,6,22],[36,0,36,6]]}
[{"$nulls":22},"预算04表"]
["2026年部门基本支出预算表"]
[{"$f":"\"单位名称：\"&\"云南省种子管理站\"","v":"单位名称：云南省种子管理站"},{"$nulls":21},"单位：元"]
["单位名称","项目代码","项目名称","功能科目编码","功能科目名称","经济科目编码","经济科目名称","资金来源"]
[{"$nulls":7},"合计","一般公共预算",{"$nulls":4},"财政拨款结转结余",null,null,"财政专户管理资金","单位资金"]
[{"$nulls":8},"全年数","已提前安排","抵扣上年垫付资金","本次下达","另文下达","一般公共预算","政府性基金预算","国有资本经营预算",null,"小计","事业收入","事业单位\n经营收入","上级补助收入","附属单位上缴收入","其他收入"]
[]
[1,2,3,4,5,6,7,8,9,10,11,12,13,14,15,16,17,18,19,20,21,22,23]
["云南省种子管理站",{"$nulls":6},{"v":7537342.23,"d":"7,537,342.23"},{"v":7537342.23,"d":"7,537,342.23"},{"v":1856538.72,"d":"1,856,538.72"},null,{"v":5680803.51,"d":"5,680,803.51"}]
["云南省种子管理站","530000210000000030486","一般公用经费","2080502","事业单位离退休","30299","其他商品和服务支出",{"v":43290,"d":"43,290.00"},{"v":43290,"d":"43,290.00"},{"v":10822.5,"d":"10,822.50"},null,{"v":32467.5,"d":"32,467.50"}]
["云南省种子管理站","530000210000000030486","一般公用经费","2130104","事业运行","30201","办公费",{"v":26000,"d":"26,000.00"},{"v":26000,"d":"26,000.00"},null,null,{"v":26000,"d":"26,000.00"}]
["云南省种子管理站","530000210000000030486","一般公用经费","2130104","事业运行","30202","印刷费",255.13,255.13,63.78,null,191.35]
["云南省种子管理站","530000210000000030486","一般公用经费","2130104","事业运行","30204","手续费",{"v":450,"d":"450.00"},{"v":450,"d":"450.00"},{"v":112.5,"d":"112.50"},null,{"v":337.5,"d":"337.50"}]
["云南省种子管理站","530000210000000030486","一般公用经费","2130104","事业运行","30205","水费",{"v":7000,"d":"7,000.00"},{"v":7000,"d":"7,000.00"},{"v":1750,"d":"1,750.00"},null,{"v":5250,"d":"5,250.00"}]
["云南省种子管理站","530000210000000030486","一般公用经费","2130104","事业运行","30206","电费",{"v":42000,"d":"42,000.00"},{"v":42000,"d":"42,000.00"},{"v":10500,"d":"10,500.00"},null,{"v":31500,"d":"31,500.00"}]
["云南省种子管理站","530000210000000030486","一般公用经费","2130104","事业运行","30207","邮电费",{"v":24000,"d":"24,000.00"},{"v":24000,"d":"24,000.00"},{"v":6000,"d":"6,000.00"},null,{"v":18000,"d":"18,000.00"}]
["云南省种子管理站","530000210000000030486","一般公用经费","2130104","事业运行","30209","物业管理费",{"v":101000,"d":"101,000.00"},{"v":101000,"d":"101,000.00"},null,null,{"v":101000,"d":"101,000.00"}]
["云南省种子管理站","530000210000000030486","一般公用经费","2130104","事业运行","30211","差旅费",{"v":12000,"d":"12,000.00"},{"v":12000,"d":"12,000.00"},{"v":3000,"d":"3,000.00"},null,{"v":9000,"d":"9,000.00"}]
["云南省种子管理站","530000210000000030486","一般公用经费","2130104","事业运行","30213","维修（护）费",{"v":6000,"d":"6,000.00"},{"v":6000,"d":"6,000.00"},{"v":1500,"d":"1,500.00"},null,{"v":4500,"d":"4,500.00"}]
["云南省种子管理站","530000210000000030486","一般公用经费","2130104","事业运行","30216","培训费",{"v":3400,"d":"3,400.00"},{"v":3400,"d":"3,400.00"},{"v":850,"d":"850.00"},null,{"v":2550,"d":"2,550.00"}]
["云南省种子管理站","530000210000000030486","一般公用经费","2130104","事业运行","30299","其他商品和服务支出",{"v":94771.14,"d":"94,771.14"},{"v":94771.14,"d":"94,771.14"},{"v":23692.79,"d":"23,692.79"},null,{"v":71078.35,"d":"71,078.35"}]
["云南省种子管理站","530000210000000030690","对个人和家庭的补助","2130104","事业运行","30305","生活补助",{"v":16224,"d":"16,224.00"},{"v":16224,"d":"16,224.00"},{"v":4056,"d":"4,056.00"},null,{"v":12168,"d":"12,168.00"}]
["云南省种子管理站","530000210000000030718","公务接待费","2130104","事业运行","30217","公务接待费",{"v":3000,"d":"3,000.00"},{"v":3000,"d":"3,000.00"},{"v":750,"d":"750.00"},null,{"v":2250,"d":"2,250.00"}]
["云南省种子管理站","530000210000000030726","事业人员支出工资","2130104","事业运行","30101","基本工资",{"v":1718028,"d":"1,718,028.00"},{"v":1718028,"d":"1,718,028.00"},{"v":429507,"d":"429,507.00"},null,{"v":1288521,"d":"1,288,521.00"}]
["云南省种子管理站","530000210000000030726","事业人员支出工资","2130104","事业运行","30102","津贴补贴",{"v":60,"d":"60.00"},{"v":60,"d":"60.00"},{"v":15,"d":"15.00"},null,{"v":45,"d":"45.00"}]
["云南省种子管理站","530000210000000030726","事业人员支出工资","2130104","事业运行","30103","奖金",{"v":143169,"d":"143,169.00"},{"v":143169,"d":"143,169.00"},{"v":35792.25,"d":"35,792.25"},null,{"v":107376.75,"d":"107,376.75"}]
["云南省种子管理站","530000210000000030726","事业人员支出工资","2130104","事业运行","30107","绩效工资",{"v":2652300,"d":"2,652,300.00"},{"v":2652300,"d":"2,652,300.00"},{"v":663075,"d":"663,075.00"},null,{"v":1989225,"d":"1,989,225.00"}]
["云南省种子管理站","530000210000000030727","工会经费","2130104","事业运行","30228","工会经费",{"v":90271.14,"d":"90,271.14"},{"v":90271.14,"d":"90,271.14"},{"v":22567.79,"d":"22,567.79"},null,{"v":67703.35,"d":"67,703.35"}]
["云南省种子管理站","530000210000000030824","公车购置及运维费","2130104","事业运行","30231","公务用车运行维护费",{"v":114408.43,"d":"114,408.43"},{"v":114408.43,"d":"114,408.43"},null,null,{"v":114408.43,"d":"114,408.43"}]
["云南省种子管理站","530000210000000030861","社会保障缴费","2080505","机关事业单位基本养老保险缴费支出","30108","机关事业单位基本养老保险缴费",{"v":652427.5,"d":"652,427.50"},{"v":652427.5,"d":"652,427.50"},{"v":163106.88,"d":"163,106.88"},null,{"v":489320.62,"d":"489,320.62"}]
["云南省种子管理站","530000210000000030861","社会保障缴费","2089999","其他社会保障和就业支出","30112","其他社会保障缴费",{"v":31677.75,"d":"31,677.75"},{"v":31677.75,"d":"31,677.75"},{"v":7919.44,"d":"7,919.44"},null,{"v":23758.31,"d":"23,758.31"}]
["云南省种子管理站","530000210000000030861","社会保障缴费","2101102","事业单位医疗","30110","职工基本医疗保险缴费",{"v":407767.19,"d":"407,767.19"},{"v":407767.19,"d":"407,767.19"},{"v":101941.8,"d":"101,941.80"},null,{"v":305825.39,"d":"305,825.39"}]
["云南省种子管理站","530000210000000030861","社会保障缴费","2101102","事业单位医疗","30307","医疗费补助",{"v":236460,"d":"236,460.00"},{"v":236460,"d":"236,460.00"},{"v":59115,"d":"59,115.00"},null,{"v":177345,"d":"177,345.00"}]
["云南省种子管理站","530000210000000030861","社会保障缴费","2101103","公务员医疗补助","30111","公务员医疗补助缴费",{"v":603071.1,"d":"603,071.10"},{"v":603071.1,"d":"603,071.10"},{"v":150767.78,"d":"150,767.78"},null,{"v":452303.32,"d":"452,303.32"}]
["云南省种子管理站","530000210000000030861","社会保障缴费","2101199","其他行政事业单位医疗支出","30112","其他社会保障缴费",{"v":43407,"d":"43,407.00"},{"v":43407,"d":"43,407.00"},{"v":43407,"d":"43,407.00"}]
["云南省种子管理站","530000210000000030862","住房公积金","2210201","住房公积金","30113","住房公积金",{"v":464904.85,"d":"464,904.85"},{"v":464904.85,"d":"464,904.85"},{"v":116226.21,"d":"116,226.21"},null,{"v":348678.64,"d":"348,678.64"}]
["合  计",{"$nulls":6},{"v":7537342.23,"d":"7,537,342.23"},{"v":7537342.23,"d":"7,537,342.23"},{"v":1856538.72,"d":"1,856,538.72"},null,{"v":5680803.51,"d":"5,680,803.51"}]

{"sheet":"部门项目支出预算表05-1","index":7,"n_rows":32,"n_cols":23,"rows_kept":32,"merged":[[1,0,1,22],[2,0,2,8],[3,0,5,0],[3,1,5,1],[3,2,5,2],[3,3,5,3],[3,4,5,4],[3,5,5,5],[3,6,5,6],[3,7,5,7],[3,8,5,8],[3,9,3,12],[3,13,3,15],[3,16,5,16],[3,17,3,22],[4,9,4,10],[4,11,5,11],[4,12,5,12],[4,13,5,13],[4,14,5,14],[4,15,5,15],[4,17,5,17],[4,18,5,18],[4,19,5,19],[4,20,5,20],[4,21,5,21],[4,22,5,22],[31,0,31,7]]}
[{"$nulls":22},"预算05-1表"]
["2026年部门项目支出预算表"]
[{"$f":"\"单位名称：\"&\"云南省种子管理站\"","v":"单位名称：云南省种子管理站"},"单位名称：云南省种子管理站",{"$nulls":20},"单位：元"]
["项目分类","项目代码","项目名称","项目单位","功能科目编码","功能科目名称","经济科目编码","经济科目名称","合计","本年拨款",{"$nulls":3},"财政拨款结转结余",null,null,"财政专户管理资金","单位资金"]
[{"$nulls":9},"一般公共预算",null,"政府性基金预算","国有资本经营预算","一般公共预算","政府性基金预算","国有资本经营预算",null,"小计","事业收入","事业单位\n经营收入","上级补助收入","附属单位上缴收入","其他收入"]
[{"$nulls":9},"小计","其中：本次下达"]
[1,2,3,4,5,6,7,8,9,10,11,12,13,14,15,16,17,18,19,20,21,22,23]
[null,null,"农作物种业发展管理经费",{"$nulls":5},{"v":474800,"d":"474,800.00"},{"$nulls":8},{"v":474800,"d":"474,800.00"},null,null,{"v":474800,"d":"474,800.00"}]
["专项业务类","530000231100001073710","农作物种业发展管理经费","云南省种子管理站","2130106","科技转化与推广服务","30107","绩效工资",{"v":65000,"d":"65,000.00"},{"$nulls":8},{"v":65000,"d":"65,000.00"},null,null,{"v":65000,"d":"65,000.00"}]
["专项业务类","530000231100001073710","农作物种业发展管理经费","云南省种子管理站","2130106","科技转化与推广服务","30201","办公费",{"v":2000,"d":"2,000.00"},{"$nulls":8},{"v":2000,"d":"2,000.00"},null,null,{"v":2000,"d":"2,000.00"}]
["专项业务类","530000231100001073710","农作物种业发展管理经费","云南省种子管理站","2130106","科技转化与推广服务","30202","印刷费",{"v":9000,"d":"9,000.00"},{"$nulls":8},{"v":9000,"d":"9,000.00"},null,null,{"v":9000,"d":"9,000.00"}]
["专项业务类","530000231100001073710","农作物种业发展管理经费","云南省种子管理站","2130106","科技转化与推广服务","30211","差旅费",{"v":106000,"d":"106,000.00"},{"$nulls":8},{"v":106000,"d":"106,000.00"},null,null,{"v":106000,"d":"106,000.00"}]
["专项业务类","530000231100001073710","农作物种业发展管理经费","云南省种子管理站","2130106","科技转化与推广服务","30218","专用材料费",{"v":50000,"d":"50,000.00"},{"$nulls":8},{"v":50000,"d":"50,000.00"},null,null,{"v":50000,"d":"50,000.00"}]
["专项业务类","530000231100001073710","农作物种业发展管理经费","云南省种子管理站","2130106","科技转化与推广服务","30239","其他交通费用",{"v":108800,"d":"108,800.00"},{"$nulls":8},{"v":108800,"d":"108,800.00"},null,null,{"v":108800,"d":"108,800.00"}]
["专项业务类","530000231100001073710","农作物种业发展管理经费","云南省种子管理站","2130106","科技转化与推广服务","30299","其他商品和服务支出",{"v":19000,"d":"19,000.00"},{"$nulls":8},{"v":19000,"d":"19,000.00"},null,null,{"v":19000,"d":"19,000.00"}]
["专项业务类","530000231100001073710","农作物种业发展管理经费","云南省种子管理站","2130106","科技转化与推广服务","31003","专用设备购置",{"v":115000,"d":"115,000.00"},{"$nulls":8},{"v":115000,"d":"115,000.00"},null,null,{"v":115000,"d":"115,000.00"}]
[null,null,"其他人员支出",{"$nulls":5},{"v":62400,"d":"62,400.00"},{"v":62400,"d":"62,400.00"},{"v":62400,"d":"62,400.00"}]
["民生类","530000231100001078906","其他人员支出","云南省种子管理站","2130106","科技转化与推广服务","30199","其他工资福利支出",{"v":62400,"d":"62,400.00"},{"v":62400,"d":"62,400.00"},{"v":62400,"d":"62,400.00"}]
[null,null,"现代种业发展及救灾种子储备补助资金",{"$nulls":5},{"v":15214245,"d":"15,214,245.00"},{"v":15000000,"d":"15,000,000.00"},{"v":15000000,"d":"15,000,000.00"},null,null,{"v":214245,"d":"214,245.00"}]
["事业发展类","530000200000000002025","现代种业发展及救灾种子储备补助资金","云南省种子管理站","2130106","科技转化与推广服务","30202","印刷费",{"v":60000,"d":"60,000.00"},{"v":60000,"d":"60,000.00"},{"v":60000,"d":"60,000.00"}]
["事业发展类","530000200000000002025","现代种业发展及救灾种子储备补助资金","云南省种子管理站","2130106","科技转化与推广服务","30207","邮电费",{"v":46400,"d":"46,400.00"},{"v":46400,"d":"46,400.00"},{"v":46400,"d":"46,400.00"}]
["事业发展类","530000200000000002025","现代种业发展及救灾种子储备补助资金","云南省种子管理站","2130106","科技转化与推广服务","30211","差旅费",{"v":482700,"d":"482,700.00"},{"v":482700,"d":"482,700.00"},{"v":482700,"d":"482,700.00"}]
["事业发展类","530000200000000002025","现代种业发展及救灾种子储备补助资金","云南省种子管理站","2130106","科技转化与推广服务","30213","维修（护）费",{"v":2601620.32,"d":"2,601,620.32"},{"v":2435310,"d":"2,435,310.00"},{"v":2435310,"d":"2,435,310.00"},null,null,{"v":166310.32,"d":"166,310.32"}]
["事业发展类","530000200000000002025","现代种业发展及救灾种子储备补助资金","云南省种子管理站","2130106","科技转化与推广服务","30214","租赁费",{"v":6000,"d":"6,000.00"},{"v":6000,"d":"6,000.00"},{"v":6000,"d":"6,000.00"}]
["事业发展类","530000200000000002025","现代种业发展及救灾种子储备补助资金","云南省种子管理站","2130106","科技转化与推广服务","30216","培训费",{"v":373000,"d":"373,000.00"},{"v":373000,"d":"373,000.00"},{"v":373000,"d":"373,000.00"}]
["事业发展类","530000200000000002025","现代种业发展及救灾种子储备补助资金","云南省种子管理站","2130106","科技转化与推广服务","30218","专用材料费",{"v":168000,"d":"168,000.00"},{"v":168000,"d":"168,000.00"},{"v":168000,"d":"168,000.00"}]
["事业发展类","530000200000000002025","现代种业发展及救灾种子储备补助资金","云南省种子管理站","2130106","科技转化与推广服务","30226","劳务费",{"v":151600,"d":"151,600.00"},{"v":151600,"d":"151,600.00"},{"v":151600,"d":"151,600.00"}]
["事业发展类","530000200000000002025","现代种业发展及救灾种子储备补助资金","云南省种子管理站","2130106","科技转化与推广服务","30227","委托业务费",{"v":2914934.68,"d":"2,914,934.68"},{"v":2867000,"d":"2,867,000.00"},{"v":2867000,"d":"2,867,000.00"},null,null,{"v":47934.68,"d":"47,934.68"}]
["事业发展类","530000200000000002025","现代种业发展及救灾种子储备补助资金","云南省种子管理站","2130106","科技转化与推广服务","30299","其他商品和服务支出",{"v":20000,"d":"20,000.00"},{"v":20000,"d":"20,000.00"},{"v":20000,"d":"20,000.00"}]
["事业发展类","530000200000000002025","现代种业发展及救灾种子储备补助资金","云南省种子管理站","2130106","科技转化与推广服务","31002","办公设备购置",{"v":36300,"d":"36,300.00"},{"v":36300,"d":"36,300.00"},{"v":36300,"d":"36,300.00"}]
["事业发展类","530000200000000002025","现代种业发展及救灾种子储备补助资金","云南省种子管理站","2130106","科技转化与推广服务","31003","专用设备购置",{"v":8353690,"d":"8,353,690.00"},{"v":8353690,"d":"8,353,690.00"},{"v":8353690,"d":"8,353,690.00"}]
["合  计",{"$nulls":7},{"v":15751445,"d":"15,751,445.00"},{"v":15062400,"d":"15,062,400.00"},{"v":15062400,"d":"15,062,400.00"},null,null,{"v":214245,"d":"214,245.00"},{"$nulls":3},{"v":474800,"d":"474,800.00"},null,null,{"v":474800,"d":"474,800.00"}]

{"sheet":"部门项目支出绩效目标表05-2","index":8,"n_rows":23,"n_cols":10,"rows_kept":23,"merged":[[1,0,1,9],[2,0,2,7],[6,0,10,0],[6,1,10,1],[11,0,19,0],[11,1,19,1],[20,0,22,0],[20,1,22,1]]}
[{"$nulls":9},"预算05-2表"]
["2026年部门项目支出绩效目标表"]
[{"$f":"\"单位名称：\"&\"云南省种子管理站\"","v":"单位名称：云南省种子管理站"}]
["单位名称、项目名称","项目年度绩效目标","一级指标","二级指标","三级指标","指标性质","指标值","度量单位","指标属性","指标内容"]
[1,2,3,4,5,6,7,8,9,10]
["云南省种子管理站"]
["农作物种业发展管理经费","运用财政资金47.48万元，开展2026年农作物种业发展管理项目，紧紧围绕提升品种创新能力、供种保障能力，加强中药材种业全链条管理服务，以及水稻品种试验技术指导服务开展工作，一是通过试验、检测、论证等方式制定作物类（非林木类）中药材6项关键通用标准，包括制定种质资源描述规范1项、资源库（圃）建设规范1项、繁育基地建设认定标准1项、品种试验技术规范1项、品种鉴（认）定标准1项、种子种苗认证规范1项，解决行业标准分散、缺失的问题；二是参与制定多年生稻品种试验方案，对多年生稻等稻品种区域试验开展指导服务6次，完成多年生稻等稻品种试验数据收集，同时对多年生稻等稻品种情况进行宣传，推进优良稻品种审定，促进良种推广应用。三是开展麦类高产抗旱新品种选育与应用，种子生产与加工技术研究、麦类新品种抗旱性多点鉴定，建成种子检测平台1个，开展麦类新品种抗旱性多点鉴定技术培训20余人次。","产出指标","数量指标","指导服务麦类品种试验情况次数",">=","6","次","定量指标","指导服务麦类品种试验情况次数不少于6次"]
["农作物种业发展管理经费","运用财政资金47.48万元，开展2026年农作物种业发展管理项目，紧紧围绕提升品种创新能力、供种保障能力，加强中药材种业全链条管理服务，以及水稻品种试验技术指导服务开展工作，一是通过试验、检测、论证等方式制定作物类（非林木类）中药材6项关键通用标准，包括制定种质资源描述规范1项、资源库（圃）建设规范1项、繁育基地建设认定标准1项、品种试验技术规范1项、品种鉴（认）定标准1项、种子种苗认证规范1项，解决行业标准分散、缺失的问题；二是参与制定多年生稻品种试验方案，对多年生稻等稻品种区域试验开展指导服务次数6次，完成多年生稻等稻品种试验数据收集，同时对多年生稻等稻品种情况进行宣传，推进优良稻品种审定，促进良种推广应用。三是开展麦类高产抗旱新品种选育与应用，种子生产与加工技术研究、麦类新品种抗旱性多点鉴定，建成种子检测平台1个，麦类新品种抗早性多点鉴定技术培训20余人次。","产出指标","数量指标","制定标准规范","=","6","项","定量指标","云南中药材种业全链条标准体系研究与应用项目"]
["农作物种业发展管理经费","运用财政资金47.48万元，开展2026年农作物种业发展管理项目，紧紧围绕提升品种创新能力、供种保障能力，加强中药材种业全链条管理服务，以及水稻品种试验技术指导服务开展工作，一是通过试验、检测、论证等方式制定作物类（非林木类）中药材6项关键通用标准，包括制定种质资源描述规范1项、资源库（圃）建设规范1项、繁育基地建设认定标准1项、品种试验技术规范1项、品种鉴（认）定标准1项、种子种苗认证规范1项，解决行业标准分散、缺失的问题；二是参与制定多年生稻品种试验方案，对多年生稻等稻品种区域试验开展指导服务次数6次，完成多年生稻等稻品种试验数据收集，同时对多年生稻等稻品种情况进行宣传，推进优良稻品种审定，促进良种推广应用。三是开展麦类高产抗旱新品种选育与应用，种子生产与加工技术研究、麦类新品种抗旱性多点鉴定，建成种子检测平台1个，麦类新品种抗早性多点鉴定技术培训20余人次。","产出指标","数量指标","发表论文数量",">=","2","篇","定量指标","指公开发表的成果文章数量"]
["农作物种业发展管理经费","运用财政资金47.48万元，开展2026年农作物种业发展管理项目，紧紧围绕提升品种创新能力、供种保障能力，加强中药材种业全链条管理服务，以及水稻品种试验技术指导服务开展工作，一是通过试验、检测、论证等方式制定作物类（非林木类）中药材6项关键通用标准，包括制定种质资源描述规范1项、资源库（圃）建设规范1项、繁育基地建设认定标准1项、品种试验技术规范1项、品种鉴（认）定标准1项、种子种苗认证规范1项，解决行业标准分散、缺失的问题；二是参与制定多年生稻品种试验方案，对多年生稻等稻品种区域试验开展指导服务次数6次，完成多年生稻等稻品种试验数据收集，同时对多年生稻等稻品种情况进行宣传，推进优良稻品种审定，促进良种推广应用。三是开展麦类高产抗旱新品种选育与应用，种子生产与加工技术研究、麦类新品种抗旱性多点鉴定，建成种子检测平台1个，麦类新品种抗早性多点鉴定技术培训20余人次。","产出指标","数量指标","指导服务多年生稻试验情况次数",">=","6","次","定量指标","指导服务多年生稻等稻品种试验情况次数不少于6次"]
["农作物种业发展管理经费","运用财政资金47.48万元，开展2026年农作物种业发展管理项目，紧紧围绕提升品种创新能力、供种保障能力，加强中药材种业全链条管理服务，以及水稻品种试验技术指导服务开展工作，一是通过试验、检测、论证等方式制定作物类（非林木类）中药材6项关键通用标准，包括制定种质资源描述规范1项、资源库（圃）建设规范1项、繁育基地建设认定标准1项、品种试验技术规范1项、品种鉴（认）定标准1项、种子种苗认证规范1项，解决行业标准分散、缺失的问题；二是参与制定多年生稻品种试验方案，对多年生稻等稻品种区域试验开展指导服务次数6次，完成多年生稻等稻品种试验数据收集，同时对多年生稻等稻品种情况进行宣传，推进优良稻品种审定，促进良种推广应用。三是开展麦类高产抗旱新品种选育与应用，种子生产与加工技术研究、麦类新品种抗旱性多点鉴定，建成种子检测平台1个，麦类新品种抗早性多点鉴定技术培训20余人次。","效益指标","社会效益","筛选出优良稻品种数量",">=","15","个","定量指标","指通过数据收集整理，筛选出的优良稻品种数量"]
["现代种业发展及救灾种子储备补助资金","运用财政资金1500万元，开展2026年度现代种业发展及救灾种子储备工作，一是提高农业生产抗灾减灾能力。采取公开招投标方式完成省级救灾备荒储备，储备杂交玉米种子不低于70万公斤；二是强化品种管理，解决品种同质化问题。完成220个以上审定试验标准点组，试验品种150个以上，完成审定通过品种70个以上，促进科技成果转化；三是加强非主要农作物品种试验与登记，促进高原特色农业发展。马铃薯、油菜、蚕豆30个以上试验标准点，参试品种40个以上；四是开展云南省农作物种子质量检测能力改造提升项目建设，完成《云南省种业振兴行动实施方案》及《支持种业振兴若干政策措施》关于“完善省级种子质量检测中心设施条件”的任务目标，提升我省种子质量检验检测能力；五是加强种子质量监管和市场治理，有效解决“假劣种”的问题。完成抽检种子样品310份以上，完成春秋季市场检查和储备监管服务，维护公平有序的市场环境。保障农业生产用种质量安全；六是通过建立种业信息监测网络，完成全省春夏秋3季种子产供需形势调度、全省种业基础信息统计与分析，为种业政策的出台提供有力支撑。                                                                                                                                                                                                                                                      \n                                                                                                                                                                                                                                                                            ","产出指标","数量指标","储备种子数量",">=","70","万公斤","定量指标","是指可用于救灾备荒储备种子的数量"]
["现代种业发展及救灾种子储备补助资金","运用财政资金1500万元，开展2026年度现代种业发展及救灾种子储备工作，一是提高农业生产抗灾减灾能力。采取公开招投标方式完成省级救灾备荒储备，储备杂交玉米种子不低于70万公斤；二是强化品种管理，解决品种同质化问题。完成220个以上审定试验标准点组，试验品种150个以上，完成审定通过品种70个以上，促进科技成果转化；三是加强非主要农作物品种试验与登记，促进高原特色农业发展。马铃薯、油菜、蚕豆30个以上试验标准点，参试品种40个以上；四是开展云南省农作物种子质量检测能力改造提升项目建设，完成《云南省种业振兴行动实施方案》及《支持种业振兴若干政策措施》关于“完善省级种子质量检测中心设施条件”的任务目标，提升我省种子质量检验检测能力;五是加强种子质量监管和市场治理，有效解决“假劣种”的问题。完成抽检种子样品310份以上，完成春秋季市场检查和储备监管服务，维护公平有序的市场环境。保障农业生产用种质量安全；六是通过建立种业信息监测网络，完成全省春夏秋3季种子产供需形势调度、全省种业基础信息统计与分析，为种业政策的出台提供有力支撑。                                                                                                                                                                                                                                                      \n                                                                                                                                                                                                                                                                            ","产出指标","数量指标","玉米、水稻种子抽检样品数量",">=","310","份","定量指标","抽取种子样品310份，检测纯度、净度、发芽率、水分、真实性等质量指标。"]
["现代种业发展及救灾种子储备补助资金","运用财政资金1500万元，开展2026年度现代种业发展及救灾种子储备工作，一是提高农业生产抗灾减灾能力。采取公开招投标方式完成省级救灾备荒储备，储备杂交玉米种子不低于70万公斤；二是强化品种管理，解决品种同质化问题。完成220个以上审定试验标准点组，试验品种150个以上，完成审定通过品种70个以上，促进科技成果转化；三是加强非主要农作物品种试验与登记，促进高原特色农业发展。马铃薯、油菜、蚕豆30个以上试验标准点，参试品种40个以上；四是开展云南省农作物种子质量检测能力改造提升项目建设，完成《云南省种业振兴行动实施方案》及《支持种业振兴若干政策措施》关于“完善省级种子质量检测中心设施条件”的任务目标，提升我省种子质量检验检测能力;五是加强种子质量监管和市场治理，有效解决“假劣种”的问题。完成抽检种子样品310份以上，完成春秋季市场检查和储备监管服务，维护公平有序的市场环境。保障农业生产用种质量安全；六是通过建立种业信息监测网络，完成全省春夏秋3季种子产供需形势调度、全省种业基础信息统计与分析，为种业政策的出台提供有力支撑。                                                                                                                                                                                                                                                      \n                                                                                                                                                                                                                                                                            ","产出指标","数量指标","主要农作物品种试验品种数量",">=","150","个","定量指标","指参加省级统一品种试验的主要农作物品种数量"]
["现代种业发展及救灾种子储备补助资金","运用财政资金1500万元，开展2026年度现代种业发展及救灾种子储备工作，一是提高农业生产抗灾减灾能力。采取公开招投标方式完成省级救灾备荒储备，储备杂交玉米种子不低于70万公斤；二是强化品种管理，解决品种同质化问题。完成220个以上审定试验标准点组，试验品种150个以上，完成审定通过品种70个以上，促进科技成果转化；三是加强非主要农作物品种试验与登记，促进高原特色农业发展。马铃薯、油菜、蚕豆30个以上试验标准点，参试品种40个以上；四是开展云南省农作物种子质量检测能力改造提升项目建设，完成《云南省种业振兴行动实施方案》及《支持种业振兴若干政策措施》关于“完善省级种子质量检测中心设施条件”的任务目标，提升我省种子质量检验检测能力;五是加强种子质量监管和市场治理，有效解决“假劣种”的问题。完成抽检种子样品310份以上，完成春秋季市场检查和储备监管服务，维护公平有序的市场环境。保障农业生产用种质量安全；六是通过建立种业信息监测网络，完成全省春夏秋3季种子产供需形势调度、全省种业基础信息统计与分析，为种业政策的出台提供有力支撑。                                                                                                                                                                                                                                                      \n                                                                                                                                                                                                                                                                            ","产出指标","数量指标","非主要农作物品种试验品种数量",">=","40","个","定量指标","指参加省级统一品种试验的农作物品种数量"]
["现代种业发展及救灾种子储备补助资金","运用财政资金1500万元，开展2026年度现代种业发展及救灾种子储备工作，一是提高农业生产抗灾减灾能力。采取公开招投标方式完成省级救灾备荒储备，储备杂交玉米种子不低于70万公斤；二是强化品种管理，解决品种同质化问题。完成220个以上审定试验标准点组，试验品种150个以上，完成审定通过品种70个以上，促进科技成果转化；三是加强非主要农作物品种试验与登记，促进高原特色农业发展。马铃薯、油菜、蚕豆30个以上试验标准点，参试品种40个以上；四是开展云南省农作物种子质量检测能力改造提升项目建设，完成《云南省种业振兴行动实施方案》及《支持种业振兴若干政策措施》关于“完善省级种子质量检测中心设施条件”的任务目标，提升我省种子质量检验检测能力;五是加强种子质量监管和市场治理，有效解决“假劣种”的问题。完成抽检种子样品310份以上，完成春秋季市场检查和储备监管服务，维护公平有序的市场环境。保障农业生产用种质量安全；六是通过建立种业信息监测网络，完成全省春夏秋3季种子产供需形势调度、全省种业基础信息统计与分析，为种业政策的出台提供有力支撑。                                                                                                                                                                                                                                                      \n                                                                                                                                                                                                                                                                            ","产出指标","质量指标","储备种子抽检合格率","=","100","%","定量指标","是指上年11月入库的省级储备种子对净度、发芽率、水分常规三项、品种真实性和品种纯度等质量指标检测的合格率"]
["现代种业发展及救灾种子储备补助资金","运用财政资金1500万元，开展2026年度现代种业发展及救灾种子储备工作，一是提高农业生产抗灾减灾能力。采取公开招投标方式完成省级救灾备荒储备，储备杂交玉米种子不低于70万公斤；二是强化品种管理，解决品种同质化问题。完成220个以上审定试验标准点组，试验品种150个以上，完成审定通过品种70个以上，促进科技成果转化；三是加强非主要农作物品种试验与登记，促进高原特色农业发展。马铃薯、油菜、蚕豆30个以上试验标准点，参试品种40个以上；四是开展云南省农作物种子质量检测能力改造提升项目建设，完成《云南省种业振兴行动实施方案》及《支持种业振兴若干政策措施》关于“完善省级种子质量检测中心设施条件”的任务目标，提升我省种子质量检验检测能力;五是加强种子质量监管和市场治理，有效解决“假劣种”的问题。完成抽检种子样品310份以上，完成春秋季市场检查和储备监管服务，维护公平有序的市场环境。保障农业生产用种质量安全；六是通过建立种业信息监测网络，完成全省春夏秋3季种子产供需形势调度、全省种业基础信息统计与分析，为种业政策的出台提供有力支撑。                                                                                                                                                                                                                                                      \n                                                                                                                                                                                                                                                                            ","产出指标","时效指标","种业实施任务目标按时完成率","=","100","%","定量指标","反映种子储备、抽样、试验、检测能力提升等任务目标按时完成情况"]
["现代种业发展及救灾种子储备补助资金","运用财政资金1500万元，开展2026年度现代种业发展及救灾种子储备工作，一是提高农业生产抗灾减灾能力。采取公开招投标方式完成省级救灾备荒储备，储备杂交玉米种子不低于70万公斤；二是强化品种管理，解决品种同质化问题。完成220个以上审定试验标准点组，试验品种150个以上，完成审定通过品种70个以上，促进科技成果转化；三是加强非主要农作物品种试验与登记，促进高原特色农业发展。马铃薯、油菜、蚕豆30个以上试验标准点，参试品种40个以上；四是开展云南省农作物种子质量检测能力改造提升项目建设，完成《云南省种业振兴行动实施方案》及《支持种业振兴若干政策措施》关于“完善省级种子质量检测中心设施条件”的任务目标，提升我省种子质量检验检测能力;五是加强种子质量监管和市场治理，有效解决“假劣种”的问题。完成抽检种子样品310份以上，完成春秋季市场检查和储备监管服务，维护公平有序的市场环境。保障农业生产用种质量安全；六是通过建立种业信息监测网络，完成全省春夏秋3季种子产供需形势调度、全省种业基础信息统计与分析，为种业政策的出台提供有力支撑。                                                                                                                                                                                                                                                      \n                                                                                                                                                                                                                                                                            ","效益指标","社会效益","新品种审定个数",">=","70","个","定量指标","指新增审定通过的玉米、稻、大豆、小麦等主要农作物品种用于农业生产的数量"]
["现代种业发展及救灾种子储备补助资金","运用财政资金1500万元，开展2026年度现代种业发展及救灾种子储备工作，一是提高农业生产抗灾减灾能力。采取公开招投标方式完成省级救灾备荒储备，储备杂交玉米种子不低于70万公斤；二是强化品种管理，解决品种同质化问题。完成220个以上审定试验标准点组，试验品种150个以上，完成审定通过品种70个以上，促进科技成果转化；三是加强非主要农作物品种试验与登记，促进高原特色农业发展。马铃薯、油菜、蚕豆30个以上试验标准点，参试品种40个以上；四是开展云南省农作物种子质量检测能力改造提升项目建设，完成《云南省种业振兴行动实施方案》及《支持种业振兴若干政策措施》关于“完善省级种子质量检测中心设施条件”的任务目标，提升我省种子质量检验检测能力;五是加强种子质量监管和市场治理，有效解决“假劣种”的问题。完成抽检种子样品310份以上，完成春秋季市场检查和储备监管服务，维护公平有序的市场环境。保障农业生产用种质量安全；六是通过建立种业信息监测网络，完成全省春夏秋3季种子产供需形势调度、全省种业基础信息统计与分析，为种业政策的出台提供有力支撑。                                                                                                                                                                                                                                                      \n                                                                                                                                                                                                                                                                            ","效益指标","社会效益","储备种子可满足受灾地区种植面积",">=","35","万亩","定量指标","是指储备的种子可用于受灾地区种植的面积"]
["现代种业发展及救灾种子储备补助资金","运用财政资金1500万元，开展2026年度现代种业发展及救灾种子储备工作，一是提高农业生产抗灾减灾能力。采取公开招投标方式完成省级救灾备荒储备，储备杂交玉米种子不低于70万公斤；二是强化品种管理，解决品种同质化问题。完成220个以上审定试验标准点组，试验品种150个以上，完成审定通过品种70个以上，促进科技成果转化；三是加强非主要农作物品种试验与登记，促进高原特色农业发展。马铃薯、油菜、蚕豆30个以上试验标准点，参试品种40个以上；四是开展云南省农作物种子质量检测能力改造提升项目建设，完成《云南省种业振兴行动实施方案》及《支持种业振兴若干政策措施》关于“完善省级种子质量检测中心设施条件”的任务目标，提升我省种子质量检验检测能力;五是加强种子质量监管和市场治理，有效解决“假劣种”的问题。完成抽检种子样品310份以上，完成春秋季市场检查和储备监管服务，维护公平有序的市场环境。保障农业生产用种质量安全；六是通过建立种业信息监测网络，完成全省春夏秋3季种子产供需形势调度、全省种业基础信息统计与分析，为种业政策的出台提供有力支撑。                                                                                                                                                                                                                                                      \n                                                                                                                                                                                                                                                                            ","满意度指标","服务对象满意度","培训人员满意度",">=","90","%","定量指标","指问卷调查方式，统计区试、检验、信息等参训人员对培训工作的满意度"]
["其他人员支出","配合完成救灾备荒种子储备检查、农作物品种试验与审定、非主要农作物品种登记试验、种子质量抽检、市场检查、种子信息统计调研等工作。2026年完成车辆运行里程数大于等于25000公里，配合协助完成新品种审定数量大于等于70个。","产出指标","数量指标","驾驶车辆运行里程",">=","25000","公里","定量指标","指参与各项业务工作驾驶车辆运行的里程数"]
["其他人员支出","配合完成救灾备荒种子储备检查、农作物品种试验与审定、非主要农作物品种登记试验、种子质量抽检、市场检查、种子信息统计调研等工作。2026年完成车辆运行里程数大于等于25000公里，配合协助完成新品种审定数量大于等于70个。","效益指标","社会效益","协助完成新品种审定数量",">=","70","个","定量指标","指协助参与完成新品种审定的数量"]
["其他人员支出","配合完成救灾备荒种子储备检查、农作物品种试验与审定、非主要农作物品种登记试验、种子质量抽检、市场检查、种子信息统计调研等工作。2026年完成车辆运行里程数大于等于25000公里，配合协助完成新品种审定数量大于等于70个。","满意度指标","服务对象满意度","车辆使用申请者满意度",">=","90","%","定量指标","指车辆使用申请者对驾驶员工作的满意度"]

{"sheet":"部门政府性基金预算表06","index":9,"n_rows":8,"n_cols":6,"rows_kept":8,"merged":[[1,0,1,5],[3,0,4,0],[3,1,4,1],[3,2,4,2],[3,3,3,5],[7,0,7,2]]}
["此表为空，本单位无此项预算",{"$nulls":4},"预算06表"]
["2026年政府性基金预算支出预算表"]
[{"$f":"\"单位名称：\"&\"云南省种子管理站\"","v":"单位名称：云南省种子管理站"},{"$nulls":4},"单位:元"]
["单位名称","科目编码","科目名称","政府性基金预算支出"]
[{"$nulls":3},"合计","基本支出","项目支出"]
[1,2,3,4,5,6]
[]
["合  计",null,"合  计"]

{"sheet":"部门政府采购预算表07","index":10,"n_rows":25,"n_cols":17,"rows_kept":25,"merged":[[1,0,1,16],[2,0,2,5],[3,0,5,0],[3,1,5,1],[3,2,5,2],[3,3,5,3],[3,4,5,4],[3,5,5,5],[3,6,3,16],[4,6,5,6],[4,7,5,7],[4,8,5,8],[4,9,5,9],[4,10,5,10],[4,11,4,16],[24,0,24,4]]}
[{"$nulls":16},"预算07表"]
["2026年部门政府采购预算表"]
[{"$f":"\"单位名称：\"&\"云南省种子管理站\"","v":"单位名称：云南省种子管理站"},{"$nulls":15},"单位：元"]
["预算项目","采购项目","采购品目","计量\n单位","数量","面向中小企业预留资金","资金来源"]
[{"$nulls":6},"合计","一般公共预算","政府性\n基金","国有资本经营收益","财政专户管理的收入","单位自筹"]
[{"$nulls":7},"小计",{"$nulls":3},"小计","事业收入","事业单位\n经营收入","上级补助收入","附属单位上缴收入","其他收入"]
[1,2,3,4,5,6,7,8,9,10,11,12,13,14,15,16,17]
["云南省种子管理站",{"$nulls":4},{"v":12344000,"d":"12,344,000.00"},{"v":12449400,"d":"12,449,400.00"},{"v":12440400,"d":"12,440,400.00"},{"$nulls":3},{"v":9000,"d":"9,000.00"},null,null,{"v":9000,"d":"9,000.00"}]
["现代种业发展及救灾种子储备补助资金","购买A3打印机","A02021001 A3黑白打印机","台",3,null,{"v":22800,"d":"22,800.00"},{"v":22800,"d":"22,800.00"}]
["现代种业发展及救灾种子储备补助资金","购买A4打印机","A02021003 A4黑白打印机","台",1,null,{"v":1500,"d":"1,500.00"},{"v":1500,"d":"1,500.00"}]
["现代种业发展及救灾种子储备补助资金","省农作物种子标准样品库改造","A02029900 其他办公设备","个",1,{"v":1455310,"d":"1,455,310.00"},{"v":1455310,"d":"1,455,310.00"},{"v":1455310,"d":"1,455,310.00"}]
["现代种业发展及救灾种子储备补助资金","云南省农作物种子质量检测能力改造提升项目实验室改造工程","A02051699 其他仓储设备","个",1,{"v":960000,"d":"960,000.00"},{"v":960000,"d":"960,000.00"},{"v":960000,"d":"960,000.00"}]
["现代种业发展及救灾种子储备补助资金","2026年省级救灾备荒种子储备","C09019900 其他农业服务","项",1,{"v":1400000,"d":"1,400,000.00"},{"v":1400000,"d":"1,400,000.00"},{"v":1400000,"d":"1,400,000.00"}]
["现代种业发展及救灾种子储备补助资金","云南省农作物种子质量检测能力改造提升项目检验仪器设备购置","A02000000 设备","批",1,{"v":8353690,"d":"8,353,690.00"},{"v":8353690,"d":"8,353,690.00"},{"v":8353690,"d":"8,353,690.00"}]
["现代种业发展及救灾种子储备补助资金","购买计算机","A02010105 台式计算机","台",2,null,{"v":12000,"d":"12,000.00"},{"v":12000,"d":"12,000.00"}]
["现代种业发展及救灾种子储备补助资金","现代种业发展成果宣传印刷费","C23090000 印刷和出版服务","项",1,{"v":60000,"d":"60,000.00"},{"v":60000,"d":"60,000.00"},{"v":60000,"d":"60,000.00"}]
["一般公用经费","复印纸","A05040101 复印纸","项",1,null,{"v":2400,"d":"2,400.00"},{"v":2400,"d":"2,400.00"}]
["一般公用经费","档案柜","A05010500 柜类","个",10,{"v":8000,"d":"8,000.00"},{"v":8000,"d":"8,000.00"},{"v":8000,"d":"8,000.00"}]
["一般公用经费","安保、清洁服务","C21040001 物业管理服务","年",1,{"v":96000,"d":"96,000.00"},{"v":96000,"d":"96,000.00"},{"v":96000,"d":"96,000.00"}]
["公车购置及运维费","车辆保险服务","C18040000 保险服务","项",1,null,{"v":8700,"d":"8,700.00"},{"v":8700,"d":"8,700.00"}]
["公车购置及运维费","车辆加油服务","C23120302 车辆加油、添加燃料服务","项",1,null,{"v":20000,"d":"20,000.00"},{"v":20000,"d":"20,000.00"}]
["公车购置及运维费","车辆维修保养服务","C23120301 车辆维修和保养服务","项",1,null,{"v":40000,"d":"40,000.00"},{"v":40000,"d":"40,000.00"}]
["农作物种业发展管理经费","检验标准汇编","C2309019999 其他印刷服务","项",20,{"v":2000,"d":"2,000.00"},{"v":2000,"d":"2,000.00"},{"$nulls":4},{"v":2000,"d":"2,000.00"},null,null,{"v":2000,"d":"2,000.00"}]
["农作物种业发展管理经费","检验标准汇编","C2309019999 其他印刷服务","项",70,{"v":9000,"d":"9,000.00"},{"v":7000,"d":"7,000.00"},{"$nulls":4},{"v":7000,"d":"7,000.00"},null,null,{"v":7000,"d":"7,000.00"}]
["合  计",{"$nulls":4},{"v":12344000,"d":"12,344,000.00"},{"v":12449400,"d":"12,449,400.00"},{"v":12440400,"d":"12,440,400.00"},{"$nulls":3},{"v":9000,"d":"9,000.00"},null,null,{"v":9000,"d":"9,000.00"}]

{"sheet":"部门政府购买服务预算表08","index":11,"n_rows":10,"n_cols":14,"rows_kept":10,"merged":[[1,0,1,13],[2,0,2,2],[3,0,5,0],[3,1,5,1],[3,2,5,2],[3,3,3,13],[4,3,5,3],[4,4,5,4],[4,5,5,5],[4,6,5,6],[4,7,5,7],[4,8,4,13],[9,0,9,2]]}
["此表为空，本单位无此项预算",{"$nulls":12},"预算08表"]
["2026年部门政府购买服务预算表"]
[{"$f":"\"单位名称：\"&\"云南省种子管理站\"","v":"单位名称：云南省种子管理站"},{"$nulls":12},"单位：元"]
["预算项目","政府购买服务项目","政府购买服务目录","资金来源"]
[{"$nulls":3},"合计","一般公共预算","政府性\n基金","国有资本经营收益","财政专户管理的收入","单位自筹"]
[{"$nulls":8},"小计","事业收入","事业单位\n经营收入","上级补助收入","附属单位上缴收入","其他收入"]
[1,2,3,4,5,6,7,8,9,10,11,12,13,14]
[]
[]
["合  计"]

{"sheet":"省对下转移支付预算表09-1","index":12,"n_rows":6,"n_cols":24,"rows_kept":6,"merged":[[1,0,1,23],[2,0,2,8],[3,0,4,0],[3,1,3,3],[3,4,3,23]]}
["此表为空，本单位无此项预算",{"$nulls":22},"预算09-1表"]
["2026年省对下转移支付预算表"]
[{"$f":"\"单位名称：\"&\"云南省种子管理站\"","v":"单位名称：云南省种子管理站"},{"$nulls":22},"单位：元"]
["单位名称（项目）","资金来源",null,null,"地区"]
[null,"合计","一般公共预算","政府性基金","昆明","昭通","曲靖","玉溪","红河","文山","普洱","西双版纳","楚雄","大理","保山","德宏","丽江","怒江","迪庆","临沧","宣威","腾冲","镇雄","未分配到地区数"]
[1,2,3,4,5,6,7,8,9,10,11,12,13,14,15,16,17,18,19,20,21,22,23,24]

{"sheet":"省对下转移支付绩效目标表09-2","index":13,"n_rows":5,"n_cols":10,"rows_kept":5,"merged":[[1,0,1,9],[2,0,2,7]]}
["此表为空，本单位无此项预算",{"$nulls":8},"预算09-2表"]
["2026年省对下转移支付绩效目标表"]
[{"$f":"\"单位名称：\"&\"云南省种子管理站\"","v":"单位名称：云南省种子管理站"}]
["单位名称、项目名称","项目年度绩效目标","一级指标","二级指标","三级指标","指标性质","指标值","度量单位","指标属性","指标内容"]
[1,2,3,4,5,6,7,8,9,10]

{"sheet":"新增资产配置表10","index":14,"n_rows":74,"n_cols":8,"rows_kept":74,"merged":[[1,0,1,7],[3,0,4,0],[3,1,4,1],[3,2,4,2],[3,3,4,3],[3,4,4,4],[3,5,3,7],[72,0,72,4],[73,0,73,7]]}
[{"$nulls":7},"预算10表"]
["2026年新增资产配置表"]
[{"$f":"\"单位名称：\"&\"云南省种子管理站\"","v":"单位名称：云南省种子管理站"}]
["单位名称","资产类别","资产分类代码.名称","资产名称","计量单位","财政部门批复数（元）"]
[{"$nulls":5},"数量","单价","金额"]
["1","2","3","4","5","6","7","8"]
["云南省种子管理站","设备","A02021001 A3黑白打印机","A3黑白打印机","台",3,{"v":7600,"d":"7,600.00"},{"v":22800,"d":"22,800.00"}]
["云南省种子管理站","设备","A02021003 A4黑白打印机","A4黑白打印机","台",1,{"v":1500,"d":"1,500.00"},{"v":1500,"d":"1,500.00"}]
["云南省种子管理站","设备","A02061504 不间断电源","UPS不间断电源","套",2,{"v":30800,"d":"30,800.00"},{"v":61600,"d":"61,600.00"}]
["云南省种子管理站","设备","A02100301 显微镜","生物显微镜","套",1,{"v":21000,"d":"21,000.00"},{"v":21000,"d":"21,000.00"}]
["云南省种子管理站","设备","A02100301 显微镜","体视显微镜","套",1,{"v":15000,"d":"15,000.00"},{"v":15000,"d":"15,000.00"}]
["云南省种子管理站","设备","A02100404 光学式分析仪器","凝胶成像分析系统","套",1,{"v":62800,"d":"62,800.00"},{"v":62800,"d":"62,800.00"}]
["云南省种子管理站","设备","A02100419 样品前处理及制备仪器","保水种子水分测试粉碎磨","套",1,{"v":11000,"d":"11,000.00"},{"v":11000,"d":"11,000.00"}]
["云南省种子管理站","设备","A02100419 样品前处理及制备仪器","超声波清洗器","套",2,{"v":5800,"d":"5,800.00"},{"v":11600,"d":"11,600.00"}]
["云南省种子管理站","设备","A02100419 样品前处理及制备仪器","高速冷冻研磨均质仪","套",2,{"v":120000,"d":"120,000.00"},{"v":240000,"d":"240,000.00"}]
["云南省种子管理站","设备","A02100419 样品前处理及制备仪器","台式恒温振荡器","套",1,{"v":12800,"d":"12,800.00"},{"v":12800,"d":"12,800.00"}]
["云南省种子管理站","设备","A02100419 样品前处理及制备仪器","温控振荡仪","套",2,{"v":36000,"d":"36,000.00"},{"v":72000,"d":"72,000.00"}]
["云南省种子管理站","设备","A02100419 样品前处理及制备仪器","细胞破碎仪","台",1,{"v":15000,"d":"15,000.00"},{"v":15000,"d":"15,000.00"}]
["云南省种子管理站","设备","A02100419 样品前处理及制备仪器","真空数种置床仪","套",1,{"v":18500,"d":"18,500.00"},{"v":18500,"d":"18,500.00"}]
["云南省种子管理站","设备","A02100419 样品前处理及制备仪器","种子单粒粉碎器","套",1,{"v":6500,"d":"6,500.00"},{"v":6500,"d":"6,500.00"}]
["云南省种子管理站","设备","A02100499 其他分析仪器","便携式水分仪","套",2,{"v":1800,"d":"1,800.00"},{"v":3600,"d":"3,600.00"}]
["云南省种子管理站","设备","A02100499 其他分析仪器","台式水分仪","套",1,{"v":58000,"d":"58,000.00"},{"v":58000,"d":"58,000.00"}]
["云南省种子管理站","设备","A02100603 试验箱及气候环境试验设备","电热恒温鼓风干燥箱","套",3,{"v":6500,"d":"6,500.00"},{"v":19500,"d":"19,500.00"}]
["云南省种子管理站","设备","A02100603 试验箱及气候环境试验设备","鼓风干燥箱","套",1,{"v":11000,"d":"11,000.00"},{"v":11000,"d":"11,000.00"}]
["云南省种子管理站","设备","A02100603 试验箱及气候环境试验设备","缓冲走廊","套",1,{"v":46000,"d":"46,000.00"},{"v":46000,"d":"46,000.00"}]
["云南省种子管理站","设备","A02100603 试验箱及气候环境试验设备","霉菌培养箱","套",1,{"v":13000,"d":"13,000.00"},{"v":13000,"d":"13,000.00"}]
["云南省种子管理站","设备","A02100603 试验箱及气候环境试验设备","全生育期气候室","套",1,{"v":370000,"d":"370,000.00"},{"v":370000,"d":"370,000.00"}]
["云南省种子管理站","设备","A02100603 试验箱及气候环境试验设备","智能人工气候箱","套",8,{"v":48800,"d":"48,800.00"},{"v":390400,"d":"390,400.00"}]
["云南省种子管理站","设备","A02100604 生物、医学样品制备设备","12道可调微量移液器","套",1,{"v":13000,"d":"13,000.00"},{"v":13000,"d":"13,000.00"}]
["云南省种子管理站","设备","A02100604 生物、医学样品制备设备","8道移液器（一套三个量程三支）","套",1,{"v":24000,"d":"24,000.00"},{"v":24000,"d":"24,000.00"}]
["云南省种子管理站","设备","A02100604 生物、医学样品制备设备","PH计","套",1,{"v":3500,"d":"3,500.00"},{"v":3500,"d":"3,500.00"}]
["云南省种子管理站","设备","A02100604 生物、医学样品制备设备","PH计","套",1,{"v":3500,"d":"3,500.00"},{"v":3500,"d":"3,500.00"}]
["云南省种子管理站","设备","A02100604 生物、医学样品制备设备","SNP基因分型检测系统","套",1,{"v":3900000,"d":"3,900,000.00"},{"v":3900000,"d":"3,900,000.00"}]
["云南省种子管理站","设备","A02100604 生物、医学样品制备设备","磁力搅拌器","套",2,{"v":2800,"d":"2,800.00"},{"v":5600,"d":"5,600.00"}]
["云南省种子管理站","设备","A02100604 生物、医学样品制备设备","单道可调移液器(一套三个量程三支)","套",1,{"v":15000,"d":"15,000.00"},{"v":15000,"d":"15,000.00"}]
["云南省种子管理站","设备","A02100604 生物、医学样品制备设备","电热恒温水浴锅","套",2,{"v":2800,"d":"2,800.00"},{"v":5600,"d":"5,600.00"}]
["云南省种子管理站","设备","A02100604 生物、医学样品制备设备","高速匀浆机","套",1,{"v":3900,"d":"3,900.00"},{"v":3900,"d":"3,900.00"}]
["云南省种子管理站","设备","A02100604 生物、医学样品制备设备","琼脂糖水平电泳槽","套",1,{"v":2160,"d":"2,160.00"},{"v":2160,"d":"2,160.00"}]
["云南省种子管理站","设备","A02100604 生物、医学样品制备设备","全自动液体样品处理系统","套",1,{"v":658000,"d":"658,000.00"},{"v":658000,"d":"658,000.00"}]
["云南省种子管理站","设备","A02100604 生物、医学样品制备设备","实时荧光定量PCR仪","套",4,{"v":180000,"d":"180,000.00"},{"v":720000,"d":"720,000.00"}]
["云南省种子管理站","设备","A02100604 生物、医学样品制备设备","通用型电泳仪电源","套",1,{"v":6880,"d":"6,880.00"},{"v":6880,"d":"6,880.00"}]
["云南省种子管理站","设备","A02100604 生物、医学样品制备设备","微孔板离心机","套",2,{"v":6800,"d":"6,800.00"},{"v":13600,"d":"13,600.00"}]
["云南省种子管理站","设备","A02100604 生物、医学样品制备设备","微孔板振荡器","套",1,{"v":5500,"d":"5,500.00"},{"v":5500,"d":"5,500.00"}]
["云南省种子管理站","设备","A02100604 生物、医学样品制备设备","旋涡混匀器","套",2,{"v":9000,"d":"9,000.00"},{"v":18000,"d":"18,000.00"}]
["云南省种子管理站","设备","A02100604 生物、医学样品制备设备","掌上离心机","套",2,{"v":2000,"d":"2,000.00"},{"v":4000,"d":"4,000.00"}]
["云南省种子管理站","设备","A02100699 其他试验仪器及装置","冰箱（普通）","套",4,{"v":5000,"d":"5,000.00"},{"v":20000,"d":"20,000.00"}]
["云南省种子管理站","设备","A02100699 其他试验仪器及装置","超纯水系统","套",1,{"v":68000,"d":"68,000.00"},{"v":68000,"d":"68,000.00"}]
["云南省种子管理站","设备","A02100699 其他试验仪器及装置","超低温冰箱","套",1,{"v":55300,"d":"55,300.00"},{"v":55300,"d":"55,300.00"}]
["云南省种子管理站","设备","A02100699 其他试验仪器及装置","超低温冰箱","套",1,{"v":55300,"d":"55,300.00"},{"v":55300,"d":"55,300.00"}]
["云南省种子管理站","设备","A02100699 其他试验仪器及装置","超净工作台","套",1,{"v":18800,"d":"18,800.00"},{"v":18800,"d":"18,800.00"}]
["云南省种子管理站","设备","A02100699 其他试验仪器及装置","高压灭菌锅","套",3,{"v":18000,"d":"18,000.00"},{"v":54000,"d":"54,000.00"}]
["云南省种子管理站","设备","A02100699 其他试验仪器及装置","恒温金属浴","套",2,{"v":2800,"d":"2,800.00"},{"v":5600,"d":"5,600.00"}]
["云南省种子管理站","设备","A02100699 其他试验仪器及装置","净气型储藏柜","套",2,{"v":38000,"d":"38,000.00"},{"v":76000,"d":"76,000.00"}]
["云南省种子管理站","设备","A02100699 其他试验仪器及装置","数显电导仪","套",1,{"v":4000,"d":"4,000.00"},{"v":4000,"d":"4,000.00"}]
["云南省种子管理站","设备","A02100699 其他试验仪器及装置","台式单口吸烟器","套",5,{"v":380,"d":"380.00"},{"v":1900,"d":"1,900.00"}]
["云南省种子管理站","设备","A02100699 其他试验仪器及装置","通风橱","套",1,{"v":40000,"d":"40,000.00"},{"v":40000,"d":"40,000.00"}]
["云南省种子管理站","设备","A02100699 其他试验仪器及装置","消毒柜","套",2,{"v":3000,"d":"3,000.00"},{"v":6000,"d":"6,000.00"}]
["云南省种子管理站","设备","A02100699 其他试验仪器及装置","医用冷藏箱","套",3,{"v":15000,"d":"15,000.00"},{"v":45000,"d":"45,000.00"}]
["云南省种子管理站","设备","A02100699 其他试验仪器及装置","智能低温低湿储藏柜（1000L）","台",5,{"v":57000,"d":"57,000.00"},{"v":285000,"d":"285,000.00"}]
["云南省种子管理站","设备","A02100699 其他试验仪器及装置","智能低温低湿储藏柜（450L）","台",2,{"v":40000,"d":"40,000.00"},{"v":80000,"d":"80,000.00"}]
["云南省种子管理站","设备","A02100699 其他试验仪器及装置","转基因品种快速检测仪","套",4,{"v":130000,"d":"130,000.00"},{"v":520000,"d":"520,000.00"}]
["云南省种子管理站","设备","A02101900 测绘仪器","便携式手持GPS测距仪","台",5,{"v":1000,"d":"1,000.00"},{"v":5000,"d":"5,000.00"}]
["云南省种子管理站","设备","A02430900 无人机","超远距图传无人机及飞行控制套装（含软件）","台",2,{"v":55000,"d":"55,000.00"},{"v":110000,"d":"110,000.00"}]
["云南省种子管理站","家具和用品","A05010203 教学、实验用桌","高温台","米",3,{"v":1200,"d":"1,200.00"},{"v":3600,"d":"3,600.00"}]
["云南省种子管理站","家具和用品","A05010203 教学、实验用桌","全钢实验边台","米",60,{"v":1650,"d":"1,650.00"},{"v":99000,"d":"99,000.00"}]
["云南省种子管理站","家具和用品","A05010203 教学、实验用桌","全钢实验转角台","组",2,{"v":2325,"d":"2,325.00"},{"v":4650,"d":"4,650.00"}]
["云南省种子管理站","家具和用品","A05010203 教学、实验用桌","全钢水槽台","组",9,{"v":1950,"d":"1,950.00"},{"v":17550,"d":"17,550.00"}]
["云南省种子管理站","家具和用品","A05010203 教学、实验用桌","全钢天平台","组",2,{"v":3300,"d":"3,300.00"},{"v":6600,"d":"6,600.00"}]
["云南省种子管理站","家具和用品","A05010203 教学、实验用桌","种子净度工作台","套",1,{"v":15000,"d":"15,000.00"},{"v":15000,"d":"15,000.00"}]
["云南省种子管理站","家具和用品","A05010599 其他柜类","档案柜","个",10,{"v":800,"d":"800.00"},{"v":8000,"d":"8,000.00"}]
["云南省种子管理站","家具和用品","A05029900 其他用具","感应鹅颈龙头","套",5,{"v":1150,"d":"1,150.00"},{"v":5750,"d":"5,750.00"}]
["云南省种子管理站","家具和用品","A05029900 其他用具","小推车","台",3,{"v":1700,"d":"1,700.00"},{"v":5100,"d":"5,100.00"}]
["合计",{"$nulls":4},203,null,{"v":8500990,"d":"8,500,990.00"}]
["注：涉及土地使用权、房屋、公务用车购置，按照现行相关管理制度规定报批，以职能部门审批意见为准。"]

{"sheet":"中央转移支付补助项目支出预算表11","index":15,"n_rows":10,"n_cols":11,"rows_kept":10,"merged":[[1,0,1,10],[2,0,2,6],[3,0,5,0],[3,1,5,1],[3,2,5,2],[3,3,5,3],[3,4,5,4],[3,5,5,5],[3,6,5,6],[3,7,5,7],[3,8,3,10],[4,8,5,8],[4,9,5,9],[4,10,5,10],[9,0,9,6]]}
["此表为空，本单位无此项预算",{"$nulls":9},"预算11表"]
["2026年中央转移支付补助项目支出预算表"]
[{"$f":"\"单位名称：\"&\"云南省种子管理站\"","v":"单位名称：云南省种子管理站"},{"$nulls":9},"单位：元"]
["项目分类","项目名称","项目单位","功能科目编码","功能科目名称","经济科目编码","经济科目名称","合计","上级补助"]
[{"$nulls":8},"一般公共预算","政府性基金预算","国有资本经营预算"]
[{"$nulls":8},"小计"]
[1,2,3,4,5,6,7,8,9,10,11]
[]
[]
["合  计"]

{"sheet":"部门项目支出中期规划预算表12","index":16,"n_rows":11,"n_cols":7,"rows_kept":11,"merged":[[1,0,1,6],[2,0,2,3],[3,0,5,0],[3,1,5,1],[3,2,5,2],[3,3,5,3],[3,4,3,6],[4,4,5,4],[4,5,5,5],[4,6,5,6],[10,0,10,3]]}
[{"$nulls":6},"预算12表"]
["2026年部门项目支出中期规划预算表"]
[{"$f":"\"单位名称：\"&\"云南省种子管理站\"","v":"单位名称：云南省种子管理站"},{"$nulls":5},"单位：元"]
["项目单位","项目分类","项目名称","项目级次","一般公共预算"]
[{"$nulls":4},"2026年","2027年","2028年"]
[{"$nulls":5},"小计"]
[1,2,3,4,5,6,7]
["云南省种子管理站",{"$nulls":3},{"v":15062400,"d":"15,062,400.00"},{"v":15062400,"d":"15,062,400.00"},{"v":15062400,"d":"15,062,400.00"}]
[null,"312 民生类","其他人员支出","本级",{"v":62400,"d":"62,400.00"},{"v":62400,"d":"62,400.00"},{"v":62400,"d":"62,400.00"}]
[null,"313 事业发展类","现代种业发展及救灾种子储备补助资金","本级",{"v":15000000,"d":"15,000,000.00"},{"v":15000000,"d":"15,000,000.00"},{"v":15000000,"d":"15,000,000.00"}]
["合计","",null,null,{"v":15062400,"d":"15,062,400.00"},{"v":15062400,"d":"15,062,400.00"},{"v":15062400,"d":"15,062,400.00"}]